000 00688nam a2200217 a 4500
005 20220818063537.0
008 081205s2007 cl r 000 0 spa d
020 _a9789583025624
035 _aUPN01000168353
049 _aI
050 4 _aPZ76.3
_bB4.63
100 1 _aBernal Pinilla, Luis Darío,
_d1950-
_935734
245 1 4 _aLos peces se enfurecen /
_cLuis Darío Bernal Pinilla ; il. Helena Melo.
260 _aBogotá :
_bPanamericana,
_c2007.
300 _a48 p. :
_bprincipalmente il. col.
440 0 _aSueños de papel
650 0 _aAnimales
_vCuentos y leyendas
_9234
650 0 _aCuentos infantiles colombianos
_94407
700 1 _aMelo, Helena,
_eil.
905 _aInfantil
999 _c140460
_d140460